[Event "Condino op"]
[Site "Condino"]
[Date "2010.07.29"]
[Round "6"]
[White "Barucco, Mattia"]
[Black "Gorelli Fagiolini, Marco F"]
[Result "0-1"]
[WhiteElo "2014"]
[BlackElo "2179"]
[PlyCount "38"]
[EventDate "2010.07.26"]
[EventType "swiss"]
[EventRounds "7"]
[EventCountry "ITA"]
[SourceTitle "CBM 137 Extra"]
[Source "ChessBase"]
[SourceDate "2010.09.01"]
[SourceVersion "1"]
[SourceVersionDate "2010.09.01"]
[SourceQuality "1"]

1. e4 e6 2. d4 d5 3. e5 c5 4. c3 Nc6 5. Nf3 Bd7 6. a3 Rc8 7. b4 cxd4 8. cxd4 Qb6 9. Be2 a5 10. b5 Nxd4 11. Nxd4 Rxc1 12. Qxc1 Qxd4 13. Nc3 Qxe5 14. Qe3 Qxe3 15. fxe3 Bc5 16. Kd2 Nf6 17. Rhf1 Ke7 18. Ra2 Rc8 19. h3 Bxe3+ 0-1

[Event "Condino op"]
[Site "Condino"]
[Date "2010.07.27"]
[Round "4"]
[White "Gorelli Fagiolini, Marco F"]
[Black "Scharrer, Patrick"]
[Result "0-1"]
[WhiteElo "2179"]
[BlackElo "2253"]
[PlyCount "32"]
[EventDate "2010.07.26"]
[EventType "swiss"]
[EventRounds "7"]
[EventCountry "ITA"]
[SourceTitle "CBM 137 Extra"]
[Source "ChessBase"]
[SourceDate "2010.09.01"]
[SourceVersion "1"]
[SourceVersionDate "2010.09.01"]
[SourceQuality "1"]

1. e4 g6 2. d4 Bg7 3. Nf3 d6 4. Be2 Nd7 5. 0-0 a6 6. Re1 e6 7. Bf1 Ne7 8. Nc3 b6 9. Bf4 Bb7 10. Qd2 h6 11. Rad1 g5 12. Bg3 Ng6 13. h3 0-0 14. Qe3 Nf6 15. Ne5 dxe5 16. dxe5 Nd7 0-1

[Event "Condino op"]
[Site "Condino"]
[Date "2010.07.27"]
[Round "3"]
[White "Volpinari, Danilo"]
[Black "Gorelli Fagiolini, Marco F"]
[Result "1/2-1/2"]
[WhiteElo "2056"]
[BlackElo "2179"]
[PlyCount "40"]
[EventDate "2010.07.26"]
[EventType "swiss"]
[EventRounds "7"]
[EventCountry "ITA"]
[SourceTitle "CBM 137 Extra"]
[Source "ChessBase"]
[SourceDate "2010.09.01"]
[SourceVersion "1"]
[SourceVersionDate "2010.09.01"]
[SourceQuality "1"]

1. Nf3 Nf6 2. c4 g6 3. b3 Bg7 4. Bb2 0-0 5. g3 d6 6. Bg2 Nc6 7. 0-0 e5 8. d3 Bg4 9. h3 Bd7 10. Nc3 e4 11. dxe4 Nxe4 12. Qc1 Nxc3 13. Bxc3 Bxc3 14. Qxc3 Qe7 15. e3 Rad8 16. Rad1 Bc8 17. Rfe1 Rfe8 18. Kh2 Ne5 19. Rd2 Qf6 20. Nxe5 Qxe5 1/2-1/2

[Event "ITA-chT A2 36th"]
[Site "Italy"]
[Date "2004.04.04"]
[Round "4"]
[White "Gorelli Fagiolini, Marco F"]
[Black "Bartolini, Tommaso"]
[Result "1/2-1/2"]
[WhiteElo "2222"]
[BlackElo "2179"]
[PlyCount "70"]
[EventDate "2004.02.22"]
[EventType "team"]
[EventRounds "7"]
[EventCountry "ITA"]
[SourceTitle "EXT 2009"]
[Source "ChessBase"]
[SourceDate "2008.11.26"]
[SourceVersion "1"]
[SourceVersionDate "2008.11.26"]
[SourceQuality "1"]

1. e4 c5 2. Nf3 d6 3. d4 cxd4 4. Nxd4 Nf6 5. Nc3 a6 6. Be2 e5 7. Nb3 Be7 8. 0-0 Be6 9. f4 Qc7 10. Kh1 Nbd7 11. a4 0-0 12. a5 Bc4 13. Be3 Rfc8 14. g4 Bxe2 15. Qxe2 Qc4 16. Qf3 exf4 17. Bxf4 Qe6 18. g5 Ne8 19. Nd5 Bf8 20. Nd4 Qg6 21. Nf5 Qe6 22. h4 Rc4 23. Rae1 Nc7 24. b3 Rc5 25. Nd4 Qe8 26. b4 Rc4 27. Qd3 Nxd5 28. Qxc4 Nxf4 29. Rxf4 Ne5 30. Qe2 Rc8 31. Nf3 Ng6 32. Rf5 Ne7 33. Rf4 Ng6 34. Rf5 Ne7 35. Rf4 Ng6 1/2-1/2

[Event "Montecatini Terme op"]
[Site "Montecatini Terme"]
[Date "2000.??.??"]
[Round "7"]
[White "Nelli, Luca"]
[Black "Gorelli Fagiolini, Marco F"]
[Result "0-1"]
[WhiteElo "2279"]
[BlackElo "2203"]
[PlyCount "54"]
[EventDate "2000.07.??"]
[EventType "swiss"]
[EventRounds "9"]
[EventCountry "ITA"]
[SourceTitle "EXT 2001"]
[Source "ChessBase"]
[SourceDate "2000.11.22"]
[SourceVersion "1"]
[SourceVersionDate "2000.11.22"]
[SourceQuality "1"]

1. c4 e6 2. Nf3 Nf6 3. b3 d5 4. Bb2 Be7 5. g3 0-0 6. Bg2 b6 7. 0-0 Bb7 8. cxd5 exd5 9. d3 c5 10. Nbd2 Nc6 11. Ne5 Nxe5 12. Bxe5 Qd7 13. Bb2 d4 14. Bxb7 Qxb7 15. b4 Rfe8 16. bxc5 bxc5 17. Qb3 Qd7 18. Rfe1 Rab8 19. Qc2 Qh3 20. Nf1 Ng4 21. f3 Nxh2 22. Nxh2 Qxg3+ 23. Kh1 Bd6 24. Ng4 h5 25. Nh6+ Kh7 26. e4 Qh3+ 27. Kg1 gxh6 0-1

[Event "Arco op 21st"]
[Site "Arco"]
[Date "1999.10.29"]
[Round "7"]
[White "Carli, Carlo"]
[Black "Gorelli Fagiolini, Marco F"]
[Result "1/2-1/2"]
[WhiteElo "2074"]
[BlackElo "2206"]
[PlyCount "103"]
[EventDate "1999.10.23"]
[EventType "swiss"]
[EventRounds "9"]
[EventCountry "ITA"]
[SourceTitle "EXT 2000"]
[Source "ChessBase"]
[SourceDate "1999.11.16"]
[SourceVersion "1"]
[SourceVersionDate "1999.11.16"]
[SourceQuality "1"]

1. e4 d6 2. d4 Nf6 3. Nc3 g6 4. Nf3 Bg7 5. Be2 0-0 6. h3 c6 7. 0-0 Nbd7 8. Be3 e5 9. Qd2 Qe7 10. dxe5 dxe5 11. Bg5 Nc5 12. Rad1 Qc7 13. Qe3 Ne6 14. Bh6 Nf4 15. Bxg7 Kxg7 16. Rd2 Qa5 17. Rfd1 Re8 18. Bf1 h6 19. Kh2 g5 20. g3 Ng6 21. Ne1 Qb4 22. Rb1 Be6 23. a3 Qb6 24. Qxb6 axb6 25. Nd3 h5 26. Be2 Rh8 27. Rbd1 h4 28. g4 Kf8 29. Bf1 Ke7 30. f3 Rhd8 31. Ne1 Rxd2+ 32. Rxd2 Nf4 33. Kg1 Ne8 34. a4 f6 35. Kf2 Nd6 36. b3 Ne8 37. Nd3 Nxd3+ 38. Bxd3 Nd6 39. Ke3 Ne8 40. Nd1 Nd6 41. Nc3 Bf7 42. Be2 Kd7 43. Rd1 Kc7 44. Kd2 Nc8 45. Kc1 Ne7 46. Bd3 Ng6 47. Ne2 Rd8 48. Kb2 Nf8 49. c3 Ne6 50. Bc2 Ra8 51. Rd2 Ra5 52. Rd1 1/2-1/2

[Event "Arco op 21st"]
[Site "Arco"]
[Date "1999.10.26"]
[Round "4"]
[White "Gorelli Fagiolini, Marco F"]
[Black "Ptaschinski, Dirk"]
[Result "1-0"]
[WhiteElo "2206"]
[BlackElo "2182"]
[PlyCount "151"]
[EventDate "1999.10.23"]
[EventType "swiss"]
[EventRounds "9"]
[EventCountry "ITA"]
[SourceTitle "EXT 2000"]
[Source "ChessBase"]
[SourceDate "1999.11.16"]
[SourceVersion "1"]
[SourceVersionDate "1999.11.16"]
[SourceQuality "1"]

1. e4 c5 2. Nf3 e6 3. Nc3 a6 4. d4 cxd4 5. Nxd4 Qc7 6. Bd3 Nf6 7. Qe2 Nc6 8. Nxc6 dxc6 9. e5 Nd5 10. Nxd5 cxd5 11. 0-0 h5 12. Kh1 Be7 13. f4 g6 14. Be3 Bc5 15. c3 Qb6 16. Bxc5 Qxc5 17. Rfd1 Bd7 18. a4 Bc6 19. Bc2 Rd8 20. Rd4 0-0 21. Qd2 Qe7 22. Re1 Kg7 23. Re3 Rh8 24. Rg3 b5 25. a5 Bb7 26. b4 Bc8 27. Kg1 Bb7 28. Kf1 Bc8 29. Qf2 Rde8 30. Ke1 Bb7 31. Kd2 Bc8 32. Kc1 Bb7 33. Kb2 Bc8 34. Rg5 Bb7 35. Rd3 Rd8 36. Qh4 Rde8 37. Rd4 Bc8 38. Qg3 Rd8 39. h4 Rh6 40. Qd3 Qd7 41. Qe3 Qe7 42. Rd3 Bb7 43. Rd4 Bc8 44. Qg3 Qe8 45. Bd1 Qe7 46. Be2 Bb7 47. Qe3 Bc8 48. Rd1 Rhh8 49. Qd4 Bb7 50. Rh1 Rh6 51. Rh3 Bc8 52. g4 hxg4 53. Bxg4 Rdh8 54. h5 Bd7 55. Rg3 Kf8 56. hxg6 Rxg6 57. Bd1 Rhg8 58. Rxg6 Rxg6 59. Rxg6 fxg6 60. Qf2 Kg7 61. Bc2 Bc8 62. Qg1 Qf7 63. Qg5 Bd7 64. Kc1 Be8 65. Kd2 Qf8 66. Ke3 Kh7 67. Qf6 Qxf6 68. exf6 Kg8 69. Kd4 Kf7 70. Ke5 Bc6 71. Bd1 Be8 72. Bg4 Bd7 73. Kd6 Be8 74. Bxe6+ Kxf6 75. Bxd5 Kf5 76. Ke7 1-0

[Event "Bratto op 19th"]
[Site "Bratto"]
[Date "1999.??.??"]
[Round "4"]
[White "Battaggia, Piergiorgio"]
[Black "Gorelli Fagiolini, Marco F"]
[Result "1/2-1/2"]
[WhiteElo "2083"]
[BlackElo "2206"]
[PlyCount "41"]
[EventDate "1999.??.??"]
[EventType "swiss"]
[EventRounds "9"]
[EventCountry "ITA"]
[SourceTitle "EXT 2000"]
[Source "ChessBase"]
[SourceDate "1999.11.16"]
[SourceVersion "1"]
[SourceVersionDate "1999.11.16"]
[SourceQuality "1"]

1. d4 Nf6 2. c4 e6 3. Nf3 b6 4. Nc3 Bb7 5. Bg5 h6 6. Bh4 Be7 7. e3 c5 8. Be2 0-0 9. 0-0 cxd4 10. Nxd4 Nc6 11. Bf3 Na5 12. b3 g5 13. Bg3 Ne8 14. e4 f6 15. Ndb5 a6 16. Nd6 Nxd6 17. Bxd6 Bxd6 18. Qxd6 Bc6 19. Qd3 Qe7 20. Rad1 Rfd8 21. Rfe1 1/2-1/2

[Event "Bratto op 19th"]
[Site "Bratto"]
[Date "1999.??.??"]
[Round "3"]
[White "Gorelli Fagiolini, Marco F"]
[Black "Borgo, Giulio"]
[Result "0-1"]
[WhiteElo "2206"]
[BlackElo "2448"]
[PlyCount "94"]
[EventDate "1999.??.??"]
[EventType "swiss"]
[EventRounds "9"]
[EventCountry "ITA"]
[SourceTitle "EXT 2000"]
[Source "ChessBase"]
[SourceDate "1999.11.16"]
[SourceVersion "1"]
[SourceVersionDate "1999.11.16"]
[SourceQuality "1"]

1. e4 c5 2. Nf3 e6 3. d4 cxd4 4. Nxd4 Nc6 5. Nc3 a6 6. Nxc6 bxc6 7. Bd3 d5 8. 0-0 Nf6 9. Qe2 Be7 10. b3 Nd7 11. Na4 Bb7 12. Bb2 0-0 13. c4 Re8 14. cxd5 exd5 15. exd5 cxd5 16. Rfe1 Nf6 17. Bxf6 Bxf6 18. Qxe8+ Qxe8 19. Rxe8+ Rxe8 20. Rc1 Rc8 21. Rxc8+ Bxc8 22. b4 Be7 23. a3 Kf8 24. Nb6 Bb7 25. Nd7+ Ke8 26. Nb8 a5 27. bxa5 Kd8 28. a6 Ba8 29. Bb5 Kc7 30. Nd7 Bxa3 31. Ne5 Kb6 32. Bd3 f6 33. Nf3 g6 34. h4 Bc6 35. h5 gxh5 36. Bxh7 Kxa6 37. Bg6 Kb6 38. Bxh5 Kc5 39. Kf1 Kc4 40. Ke2 Kc3 41. Bg6 Bb5+ 42. Ke1 d4 43. Nd2 Bb4 44. Kd1 Kb2 45. Nf3 Kc3 46. Nd2 d3 47. Ne4+ Kb2 0-1

[Event "Bratto op 19th"]
[Site "Bratto"]
[Date "1999.??.??"]
[Round "8"]
[White "Zaitsev, Vadim"]
[Black "Gorelli Fagiolini, Marco F"]
[Result "1-0"]
[WhiteElo "2412"]
[BlackElo "2206"]
[PlyCount "81"]
[EventDate "1999.??.??"]
[EventType "swiss"]
[EventRounds "9"]
[EventCountry "ITA"]
[SourceTitle "EXT 2000"]
[Source "ChessBase"]
[SourceDate "1999.11.16"]
[SourceVersion "1"]
[SourceVersionDate "1999.11.16"]
[SourceQuality "1"]

1. e4 d6 2. d4 Nf6 3. f3 g6 4. c4 Bg7 5. Nc3 0-0 6. Nge2 c5 7. d5 e6 8. Bg5 exd5 9. cxd5 h6 10. Be3 a6 11. a4 Nbd7 12. Ng3 Re8 13. Be2 h5 14. 0-0 Rb8 15. Nh1 Qc7 16. Nf2 c4 17. a5 b5 18. axb6 Nxb6 19. Bd4 Nbd7 20. Ra4 Ne5 21. f4 Nd3 22. Bxd3 cxd3 23. Nxd3 Bd7 24. Ra3 Qc4 25. Bxf6 Bxf6 26. e5 dxe5 27. fxe5 Bxe5 28. Nxe5 Rxe5 29. Qd2 Qc5+ 30. Kh1 Qe3 31. Qxe3 Rxe3 32. Rxa6 Rxb2 33. Nd1 Ree2 34. Nxb2 Rxb2 35. Raa1 Rd2 36. Rad1 Rxd1 37. Rxd1 Kf8 38. Re1 Bb5 39. d6 Bd7 40. Re7 Be6 41. Kg1 1-0

[Event "Bratto op 18th"]
[Site "Bratto"]
[Date "1998.??.??"]
[Round "?"]
[White "Gorelli Fagiolini, Marco F"]
[Black "Battaggia, Piergiorgio"]
[Result "1/2-1/2"]
[WhiteElo "2235"]
[BlackElo "2070"]
[PlyCount "78"]
[EventDate "1998.??.??"]
[EventType "swiss"]
[EventRounds "9"]
[EventCountry "ITA"]
[SourceTitle "EXT 2000"]
[Source "ChessBase"]
[SourceDate "1999.11.16"]
[SourceVersion "1"]
[SourceVersionDate "1999.11.16"]
[SourceQuality "1"]

1. e4 c5 2. Nf3 d6 3. d4 cxd4 4. Nxd4 Nf6 5. Nc3 a6 6. a4 Nc6 7. Be2 g6 8. Be3 Bg7 9. 0-0 0-0 10. Nb3 Na5 11. e5 Ne8 12. Nxa5 Qxa5 13. Nd5 Qd8 14. Nb6 Rb8 15. exd6 Nxd6 16. Nxc8 Rxc8 17. c3 Nc4 18. Bxc4 Rxc4 19. Qxd8 Rxd8 20. a5 Rd6 21. Rfd1 Rcc6 22. Rxd6 Rxd6 23. Kf1 f5 24. Ra4 e5 25. g3 Kf7 26. Ke2 Ke8 27. Rb4 Rd7 28. Rc4 Bf6 29. h4 Bg7 30. Bg5 Kf7 31. Be3 Ke6 32. Rc8 e4 33. b4 Kf7 34. Bd2 Ke6 35. c4 Bd4 36. Be1 Kd6 37. Bd2 Ke6 38. Be1 Kd6 39. Bd2 Ke6 1/2-1/2

[Event "Siena op"]
[Site "Siena"]
[Date "1998.??.??"]
[Round "4"]
[White "Gorelli Fagiolini, Marco F"]
[Black "Bertagnolli, Alexander"]
[Result "1/2-1/2"]
[WhiteElo "2235"]
[BlackElo "1785"]
[PlyCount "43"]
[EventDate "1998.??.??"]
[EventType "swiss"]
[EventRounds "7"]
[EventCountry "ITA"]
[SourceTitle "EXT 2001"]
[Source "ChessBase"]
[SourceDate "2000.11.22"]
[SourceVersion "1"]
[SourceVersionDate "2000.11.22"]
[SourceQuality "1"]

1. e4 g6 2. d4 Bg7 3. Nc3 c6 4. Nf3 d5 5. h3 Nf6 6. Bd3 dxe4 7. Nxe4 Nxe4 8. Bxe4 0-0 9. 0-0 Nd7 10. c3 e5 11. Bc2 exd4 12. cxd4 Nb6 13. Bb3 Nd5 14. Bg5 f6 15. Bf4 Be6 16. Bg3 Re8 17. Qd2 Bf8 18. Ne1 Bb4 19. Qd1 Qb6 20. Nc2 Bf8 21. Re1 Bf7 22. Qd2 1/2-1/2

[Event "Montecatini Terme op"]
[Site "Montecatini Terme"]
[Date "1998.??.??"]
[Round "2"]
[White "Gorelli Fagiolini, Marco F"]
[Black "Stevic, Hrvoje"]
[Result "1/2-1/2"]
[WhiteElo "2235"]
[BlackElo "2455"]
[PlyCount "68"]
[EventDate "1998.??.??"]
[EventType "swiss"]
[EventRounds "9"]
[EventCountry "ITA"]
[SourceTitle "EXT 2000"]
[Source "ChessBase"]
[SourceDate "1999.11.16"]
[SourceVersion "1"]
[SourceVersionDate "1999.11.16"]
[SourceQuality "1"]

1. e4 c5 2. Nf3 e6 3. d4 cxd4 4. Nxd4 Nf6 5. Nc3 d6 6. Be2 Be7 7. 0-0 0-0 8. Be3 Nc6 9. Kh1 Qc7 10. f4 Nxd4 11. Bxd4 e5 12. Be3 exf4 13. Bxf4 Be6 14. Qe1 Nd7 15. Qg3 Ne5 16. Rad1 a6 17. Rd2 b5 18. a3 Rac8 19. Rfd1 Rfd8 20. Bxe5 dxe5 21. Bg4 Rxd2 22. Rxd2 Rd8 23. Rxd8+ Bxd8 24. Bxe6 fxe6 25. Qd3 Bg5 26. g3 h6 27. Kg2 Qc6 28. Ne2 Kh7 29. h4 Be7 30. Ng1 Bd6 31. Nf3 Bc7 32. c3 Qc5 33. b4 Qc6 34. Nd2 Bb6 1/2-1/2

[Event "Montecatini Terme op"]
[Site "Montecatini Terme"]
[Date "1998.??.??"]
[Round "7"]
[White "Weclawski, Doris"]
[Black "Gorelli Fagiolini, Marco F"]
[Result "1-0"]
[WhiteElo "2050"]
[BlackElo "2235"]
[PlyCount "73"]
[EventDate "1998.??.??"]
[EventType "swiss"]
[EventRounds "9"]
[EventCountry "ITA"]
[SourceTitle "EXT 2000"]
[Source "ChessBase"]
[SourceDate "1999.11.16"]
[SourceVersion "1"]
[SourceVersionDate "1999.11.16"]
[SourceQuality "1"]

1. d4 g6 2. Nf3 Nf6 3. c3 Bg7 4. Bg5 d6 5. Nbd2 Nbd7 6. e4 e5 7. dxe5 dxe5 8. Bc4 0-0 9. Qe2 c6 10. 0-0 Qc7 11. b4 Re8 12. Rfd1 h6 13. Be3 Nf8 14. Ne1 Ng4 15. Bb3 Nxe3 16. Qxe3 Be6 17. Nc4 Re7 18. a4 b6 19. a5 b5 20. Nd2 Rd8 21. Nd3 Red7 22. Bc2 Rd6 23. Nc5 Bc8 24. Ndb3 Ne6 25. Nxe6 Bxe6 26. Nc5 Bc8 27. Qe2 Bf8 28. Nd3 Be6 29. Nb2 a6 30. Rxd6 Rxd6 31. Bd3 c5 32. Qe1 cxb4 33. cxb4 Rd4 34. Rc1 Qd6 35. Rd1 Qxb4 36. Qxb4 Rxb4 37. Bc2 1-0

[Event "Bratto op 18th"]
[Site "Bratto"]
[Date "1998.??.??"]
[Round "?"]
[White "Zinani, Alessandro"]
[Black "Gorelli Fagiolini, Marco F"]
[Result "1/2-1/2"]
[WhiteElo "2145"]
[BlackElo "2235"]
[PlyCount "131"]
[EventDate "1998.??.??"]
[EventType "swiss"]
[EventRounds "9"]
[EventCountry "ITA"]
[SourceTitle "EXT 2000"]
[Source "ChessBase"]
[SourceDate "1999.11.16"]
[SourceVersion "1"]
[SourceVersionDate "1999.11.16"]
[SourceQuality "1"]

1. d4 Nf6 2. Nf3 g6 3. Bf4 Bg7 4. e3 0-0 5. Nbd2 d6 6. h3 Nbd7 7. Bc4 Qe8 8. 0-0 e5 9. dxe5 Nxe5 10. Nxe5 dxe5 11. Bg5 Nd7 12. e4 Nc5 13. c3 Be6 14. Qe2 Bxc4 15. Qxc4 Ne6 16. Bh4 Kh8 17. Nf3 f6 18. Rfd1 b5 19. Qb3 Qc6 20. Qd5 Qb6 21. b4 Nf4 22. Qb3 c5 23. bxc5 Qxc5 24. Rd2 Qc6 25. Re1 Rac8 26. Bg3 Ne6 27. Qa3 Nc5 28. Qxa7 Rc7 29. Qa5 Ra8 30. Qb4 h5 31. c4 bxc4 32. Qxc4 Kh7 33. Qc2 Ra4 34. Rde2 Rca7 35. Qb2 Qa6 36. Qc2 Ne6 37. Qb3 Rxa2 38. Rxa2 Qxa2 39. Qb4 Qa6 40. Qb3 Qa2 41. Qb8 Rd7 42. Qe8 Rd8 43. Qf7 Rf8 44. Qe7 Qa6 45. Bxe5 fxe5 46. Qxe6 Qxe6 47. Ng5+ Kg8 48. Nxe6 Re8 49. Nc7 Rc8 50. Nd5 Rc4 51. f3 Bf8 52. Rb1 Bc5+ 53. Kh2 h4 54. Nf6+ Kg7 55. Ng4 Bd4 56. Rd1 Rc2 57. f4 Bf2 58. Rd7+ Kf8 59. Nxf2 Rxf2 60. fxe5 Re2 61. Rd4 Re1 62. Rd6 Kg7 63. Rd7+ Kf8 64. Rd4 Kg7 65. Ra4 Kf7 66. Rd4 1/2-1/2

[Event "Arco op 18th"]
[Site "Arco"]
[Date "1996.10.29"]
[Round "2"]
[White "Alberton, Roberto"]
[Black "Gorelli Fagiolini, Marco F"]
[Result "0-1"]
[WhiteElo "2021"]
[BlackElo "2116"]
[PlyCount "62"]
[EventDate "1996.10.28"]
[EventType "swiss"]
[EventRounds "9"]
[EventCountry "ITA"]
[SourceTitle "EXT 2023"]
[Source "ChessBase"]
[SourceDate "2022.10.05"]
[SourceVersion "1"]
[SourceVersionDate "2022.10.05"]
[SourceQuality "1"]

1. e4 d6 2. d4 Nf6 3. Nc3 g6 4. Nf3 Bg7 5. Be2 0-0 6. 0-0 c6 7. a4 Nbd7 8. h3 Qc7 9. Be3 b6 10. Nd2 Bb7 11. f4 a6 12. e5 Nd5 13. Nxd5 cxd5 14. c3 e6 15. Bd3 f6 16. exf6 Nxf6 17. Qe1 Ne4 18. Nf3 Qe7 19. Kh2 Bh6 20. g3 Bg7 21. h4 Nf6 22. Qe2 Rae8 23. Rfe1 a5 24. Ng5 e5 25. dxe5 dxe5 26. fxe5 Qxe5 27. Bxb6 Qd6 28. Be3 Rxe3 29. Qxe3 Ng4+ 30. Kg1 Nxe3 31. Rxe3 d4 0-1